书目信息 |
| 题名: |
排球技巧
|
|
| 作者: | 陶志翔 主编 | |
| 分册: | ||
| 出版信息: | 北京 中国社会出版社 2005 |
|
| 页数: | 187页 | |
| 开本: | 21cm | |
| 丛书名: | ||
| 单 册: | ||
| 中图分类: | G842.19 | |
| 科图分类: | ||
| 主题词: | 排球运动--运动技术 , 排球运动 , 运动技术 | |
| 电子资源: | ||
| ISBN: | 7-5087-0578-5 | |
| 000 | 00740nam0 2200241 450 | |
| 001 | 1238319765 | |
| 005 | 20121016103901.28 | |
| 010 | @a7-5087-0578-5@dCNY12.00 | |
| 100 | @a20050416d2005 em y0chiy50 ea | |
| 101 | 0 | @achi |
| 102 | @aCN@b110000 | |
| 105 | @aa z 000yy | |
| 200 | 1 | @a排球技巧@Apai qiu ji qiao@f陶志翔主编 |
| 210 | @a北京@c中国社会出版社@d2005 | |
| 215 | @a187页@c图@d21cm | |
| 330 | @a全书分为知识篇、技法篇、训练篇,分别介绍了排球运动的发展概况、规则、竞赛制度、技术、基本战术以及训练方法等。 | |
| 606 | 0 | @a排球运动@x运动技术 |
| 606 | 0 | @a排球运动 |
| 606 | 0 | @a运动技术 |
| 690 | @aG842.19@v4 | |
| 701 | 0 | @a陶志翔@Atao zhi xiang@f(1965~)@4主编 |
| 801 | 0 | @aCN@bNLC@c20101222 |
| 905 | @a10447@dG842.19@eJY303 | |
| 排球技巧/陶志翔主编.-北京:中国社会出版社,2005 |
| 187页:图;21cm |
| ISBN 7-5087-0578-5:CNY12.00 |
| 全书分为知识篇、技法篇、训练篇,分别介绍了排球运动的发展概况、规则、竞赛制度、技术、基本战术以及训练方法等。 |
| ● |
| 相关链接 |
|
|
|
|
正题名:排球技巧
索取号:G842.19/JY303
 
预约/预借
| 序号 | 登录号 | 条形码 | 馆藏地/架位号 | 状态 | 备注 |
| 1 | 7828729 | 278287293 | 学院路分馆/ [索取号:G842.19/JY303] | 在馆 | |
| 2 | 7828730 | 278287300 | 学院路分馆/ [索取号:G842.19/JY303] | 在馆 | |
| 3 | 7828731 | 278287319 | 学院路分馆/ [索取号:G842.19/JY303] | 在馆 | |
| 4 | 7828732 | 278287328 | 学院路分馆/ [索取号:G842.19/JY303] | 在馆 |